The dialogues of Plato / (Record no. 541855)
[ view plain ]
| 000 -LEADER | |
|---|---|
| fixed length control field | 01041nam a2200277 a 4500 |
| 003 - CONTROL NUMBER IDENTIFIER | |
| control field | AM-YEHGA |
| 005 - DATE AND TIME OF LATEST TRANSACTION | |
| control field | 20260403152020.0 |
| 008 - FIXED-LENGTH DATA ELEMENTS--GENERAL INFORMATION | |
| fixed length control field | 260304s1962 nyu |||er|||| 00||0|eng|d |
| 040 ## - CATALOGING SOURCE | |
| Original cataloging agency | AM-YEHGA |
| 041 0# - LANGUAGE CODE | |
| Language code of text/sound track or separate title | eng |
| 001 - CONTROL NUMBER | |
| control field | 2052582 |
| 100 1# - MAIN ENTRY--PERSONAL NAME | |
| Personal name | Plato |
| 245 14 - TITLE STATEMENT | |
| Title | The dialogues of Plato / |
| Statement of responsibility, etc. | translated by W.H.D. Rouse ; edited by Eric H. Warmington, Philip G. Rouse. |
| 250 ## - EDITION STATEMENT | |
| Edition statement | eighth printing |
| 260 ## - PUBLICATION, DISTRIBUTION, ETC. | |
| Place of publication, distribution, etc. | New York : |
| Name of publisher, distributor, etc. | A Mentor book : |
| -- | The New American Library, |
| Date of publication, distribution, etc. | 1962. |
| 300 ## - PHYSICAL DESCRIPTION | |
| Extent | 521 p. |
| 440 #0 - SERIES STATEMENT/ADDED ENTRY--TITLE | |
| Title | A Mentor classic |
| Number of part/section of a work | MT302 |
| 500 ## - GENERAL NOTE | |
| General note | Contains the complete Texts of The Repumlic. Apology. Crito. Phaedo. Ion. Meno. Symposium- A Modern Translation by W.H.D. Rouse- Translator of The Odyssey and The Iliad. |
| 650 14 - SUBJECT ADDED ENTRY--TOPICAL TERM | |
| Topical term or geographic name entry element | Philosophy, Ancient |
| 650 14 - SUBJECT ADDED ENTRY--TOPICAL TERM | |
| Topical term or geographic name entry element | Political science |
| General subdivision | Early works to 1800 |
| 650 14 - SUBJECT ADDED ENTRY--TOPICAL TERM | |
| Topical term or geographic name entry element | Utopias |
| General subdivision | Early works to 1800 |
| 700 1# - ADDED ENTRY--PERSONAL NAME | |
| Personal name | Rouse, William Henry Denham, |
| Dates associated with a name | 1863-1950 |
| Relationship | trl |
| 700 1# - ADDED ENTRY--PERSONAL NAME | |
| Personal name | Warmington, Eric Herbert, |
| Dates associated with a name | 1898-1987 |
| Relationship | edt |
| 700 1# - ADDED ENTRY--PERSONAL NAME | |
| Personal name | Rouse, Philip G. |
| Relationship | edt |
| 942 ## - ADDED ENTRY ELEMENTS (KOHA) | |
| Source of classification or shelving scheme | Universal Decimal Classification |
| Koha item type | Գրքեր / Books |
No items available.
ՀՀ Գիտությունների ազգային ակադեմիայի հիմնարար գիտական գրադարան = Fundamental Scientific Library of NAS RA
All site content, except where otherwise noted, is licensed under a